<?xml version="1.0" encoding="UTF-8"?><marc:collection xmlns:marc="http://www.loc.gov/MARC21/slim">
  <marc:record>
    <marc:leader>00000nam##2200000za#4500</marc:leader>
    <marc:controlfield tag="001">9.598957</marc:controlfield>
    <marc:controlfield tag="003">CaOODSP</marc:controlfield>
    <marc:controlfield tag="005">20210624204826</marc:controlfield>
    <marc:controlfield tag="007">cr |||||||||||</marc:controlfield>
    <marc:controlfield tag="008">150406|1998||||xxc|||||o    f|0| 0 fre|d</marc:controlfield>
    <marc:datafield tag="040" ind1=" " ind2=" ">
      <marc:subfield code="a">CaOODSP</marc:subfield>
      <marc:subfield code="b">fre</marc:subfield>
    </marc:datafield>
    <marc:datafield tag="043" ind1=" " ind2=" ">
      <marc:subfield code="a">n-cn---</marc:subfield>
    </marc:datafield>
    <marc:datafield tag="086" ind1="1" ind2=" ">
      <marc:subfield code="a">BT31-2/1999-III-20F-PDF</marc:subfield>
    </marc:datafield>
    <marc:datafield tag="110" ind1="1" ind2=" ">
      <marc:subfield code="a">Canada. </marc:subfield>
      <marc:subfield code="b">Conseil du trésor.</marc:subfield>
    </marc:datafield>
    <marc:datafield tag="245" ind1="1" ind2="0">
      <marc:subfield code="a">Ministère de la justice, budget des dépenses 1998-1999, un rapport sur les plans et les priorités </marc:subfield>
      <marc:subfield code="h">[ressource électronique]</marc:subfield>
    </marc:datafield>
    <marc:datafield tag="260" ind1=" " ind2=" ">
      <marc:subfield code="b">Secrétariat du Conseil du Trésor du Canada </marc:subfield>
      <marc:subfield code="c">[1998].</marc:subfield>
    </marc:datafield>
    <marc:datafield tag="300" ind1=" " ind2=" ">
      <marc:subfield code="a">50p.</marc:subfield>
      <marc:subfield code="b">organigramme, références, tableaux</marc:subfield>
    </marc:datafield>
    <marc:datafield tag="490" ind1="1" ind2=" ">
      <marc:subfield code="a">Budget des dépenses 1998-1999. Partie III, Rapport sur les plans et les priorités </marc:subfield>
      <marc:subfield code="v">1998-1999</marc:subfield>
    </marc:datafield>
    <marc:datafield tag="590" ind1=" " ind2=" ">
      <marc:subfield code="a">10-09-Supp</marc:subfield>
      <marc:subfield code="b">2010-11-02</marc:subfield>
    </marc:datafield>
    <marc:datafield tag="775" ind1="0" ind2="8">
      <marc:subfield code="t">Department of Justice, 1998-99 estimates, a report on plans and priorities </marc:subfield>
      <marc:subfield code="w">(CaOODSP)9.567630</marc:subfield>
    </marc:datafield>
    <marc:datafield tag="776" ind1="0" ind2="#">
      <marc:subfield code="t">Department of Justice </marc:subfield>
      <marc:subfield code="w">(CaOODSP)9.530302</marc:subfield>
    </marc:datafield>
    <marc:datafield tag="776" ind1="0" ind2="#">
      <marc:subfield code="t">Ministère de la Justice </marc:subfield>
      <marc:subfield code="w">(CaOODSP)9.530303</marc:subfield>
    </marc:datafield>
    <marc:datafield tag="830" ind1="#" ind2="0">
      <marc:subfield code="a">Budget des dépenses 1998-1999. Partie III, Rapport sur les plans et les priorités ;</marc:subfield>
      <marc:subfield code="v">1998-1999</marc:subfield>
      <marc:subfield code="w">(CaOODSP)9.502118</marc:subfield>
    </marc:datafield>
    <marc:datafield tag="856" ind1="4" ind2="0">
      <marc:subfield code="a">http://publications.gc.ca</marc:subfield>
      <marc:subfield code="q">PDF</marc:subfield>
      <marc:subfield code="s">132 Ko</marc:subfield>
      <marc:subfield code="u">https://publications.gc.ca/collections/Collection/BT31-2-1999-III-20F.pdf</marc:subfield>
      <marc:subfield code="y">1998-1999</marc:subfield>
    </marc:datafield>
  </marc:record>
</marc:collection>
